000 00424pab a2200169 454500
008 180718b1979 xxu||||| |||| 00| 0 eng d
245 _aChild labour in Asia: An ILO survey (Survey)
260 _c1979
300 _ap.808-814.
362 _aJul-Sep
650 _aSurvey
650 _aChild labour - Asia
650 _aChild labour
773 _aIndian Journal of Public Administration
908 _aN
909 _a88403
999 _c88403
_d88403